00354pab a2200133 454500008004000000100001900040245005400059260000900113300001400122362001100136650001300147650001800160773004200178180718b2004 xxu||||| |||| 00| 0 eng d aGoldstein, Don aService learning and teaching about globalization c2004 ap.307-13. aSummer aTeaching aGlobalization aReview of Radical Political Economics